Κατάλογος Βιβλιοθηκών Mediterranean College

Πληροφοριακά συστήματα : (Record no. 9892)

MARC details
000 -LEADER
fixed length control field 01717nam a22002657a 4500
003 - ΤΑΥΤΟΤΗΤΑ ΤΟΥ ΑΡΙΘΜΟΥ ΕΛΕΓΧΟΥ
Πεδίο ελέγχου GR-AtMCL
005 - ΗΜΕΡΟΜΗΝΙΑ ΚΑΙ ΩΡΑ ΤΕΛΕΥΤΑΙΑΣ ΕΝΗΜΕΡΩΣΗΣ
Πεδίο ελέγχου 20250826105205.0
006 - FIXED-LENGTH DATA ELEMENTS--ADDITIONAL MATERIAL CHARACTERISTICS
Πεδίο ελέγχου σταθερού μήκους a|||||r|||| 00| 0
008 - FIXED-LENGTH DATA ELEMENTS--GENERAL INFORMATION
Πεδίο ελέγχου σταθερού μήκους n||||||||gr g ||| gre
020 ## - ISBN
ISBN 9789604183319
040 ## - ΠΗΓΗ ΚΑΤΑΛΟΓΟΓΡΑΦΗΣΗΣ
Γλώσσα καταλογογράφησης Ελληνικά, Μοντέρνα (1453-)
Φορέας πρωτότυπης καταλογογράφησης MC Athens Campus Library
Modifying agency MC Athens Campus Library
Κανόνες περιγραφικής καταλογογράφησης AACR2
041 1# - ΓΛΩΣΣΑ
Κωδικός γλώσσας πρωτότυπου Αγγλικά
100 ## - MAIN ENTRY--PERSONAL NAME
Personal name Jeffrey A. Hoffer
Σχέση Συγγραφέας
9 (RLIN) 10015
245 00 - ΤΙΤΛΟΣ ΚΑΙ ΔΗΛΩΣΗ ΥΠΕΥΘΥΝΟΤΗΤΑΣ
Τίτλος Πληροφοριακά συστήματα :
Remainder of title Σύγχρονη ανάλυση και σχεδίαση /
Statement of responsibility, etc. Jeffrey A. Hoffer, Joey F. George [και] Joseph S. Valacich ; μετάφραση Γεώργιος Σίσιας
250 ## - EDITION STATEMENT
Edition statement 6η έκδ.
260 ## - PUBLICATION, DISTRIBUTION, ETC.
Place of publication, distribution, etc. Θεσσαλονίκη :
Name of publisher, distributor, etc. Τζιόλα,
Date of publication, distribution, etc. c2018
300 ## - PHYSICAL DESCRIPTION
Extent 725σ. ;
Διαστάσεις 29 εκ.
500 ## - GENERAL NOTE
Γενική σημείωση Τίτλος πρωτοτύπου: Modern systems analysis and design
505 0# - FORMATTED CONTENTS NOTE
Formatted contents note Το Περιβάλλον Ανάπτυξης Συστημάτων, Προέλευση Λογισμικού, Διαχείριση Έργου Πληροφοριακού Συστήματος, Αντικειμενοστρεφής Ανάλυση και Σχεδίαση - Διαχείριση Έργου, Σχεδιάζοντας Έργα Ανάπτυξης Συστημάτων, Απαιτήσεις Συστήματος, Σχεδιάζοντας Βάσεις Δεδομένων, Φόρμες και Αναφορές, Σχεδιάζοντας Διεπαφές και Διαλόγους, Κατανεμημένα και Διαδικτυακά Συστήματα, Υλοποίηση Συστημάτων κ.α
650 #0 - SUBJECT ADDED ENTRY--TOPICAL TERM
Topical term or geographic name entry element Πληροφορική
9 (RLIN) 9850
650 #0 - SUBJECT ADDED ENTRY--TOPICAL TERM
Topical term or geographic name entry element Σχεδιασμός συστημάτων
9 (RLIN) 10013
700 ## - ΠΡΟΣΘΕΤΗ ΑΝΑΓΡΑΦΗ--ΦΥΣΙΚΟ ΠΡΟΣΩΠΟ
Personal name Σίσιας, Γεώργιος
Σχέση Μεταφραστής
9 (RLIN) 10014
942 ## - ADDED ENTRY ELEMENTS (KOHA)
Koha item type Books
Holdings
Τύπος τεκμηρίου Βιβλιοθήκη Τρέχουσα τοποθεσία Barcode Αριθμός εισαγωγής Ημερομηνία απόκτησης Ταξιθετικό σύμβολο Αριθμός αντιτύπου Κατάσταση απόσυρσης Κατάσταση χαμένου Κατάσταση κατεστραμμένου Μη δανεισμός Σύνολο δανεισμών Ημερομηνία τελευταίας εμφάνισης Η τιμή ισχύει από
Books MC Athens Campus Library MC Athens Campus Library 9780000098610 8144 26/08/2025 005.12 HOF 1           26/08/2025 26/08/2025

MC Athens Campus Library
Πατησίων 94 & Κοδριγκτώνος 13, 104 34
Πελλήνης 8 & Πατησίων 107, 112 51
Τ: +30 210 8899600

MC Thessaloniki Campus Library
Ίωνος Δραγούμη 21, 54625 | Ίωνος Δραγούμη 15, 54625
Τ: +30 2310 287779 – Τ: +30 2314 440300